[Event "Michigan Amateur op"]
[Site "Kalamazoo"]
[Date "2004.10.23"]
[Round "1"]
[White "Franklin, Stanley"]
[Black "Penmetsa, Aadith"]
[Result "1-0"]
[WhiteElo "1622"]
[BlackElo "646"]
[PlyCount "157"]
[EventDate "2004.10.23"]
[EventType "swiss"]
[EventRounds "5"]
[EventCountry "USA"]
[SourceTitle "EXT 2007"]
[Source "ChessBase"]
[SourceDate "2006.11.23"]
[SourceVersion "1"]
[SourceVersionDate "2006.11.23"]
[SourceQuality "1"]

1. e4 e5 2. Nf3 Nc6 3. Bb5 d6 4. d4 Bd7 5. 0-0 Qf6 6. d5 Nb8 7. Nc3 a6 8. Bxd7+ Nxd7 9. Bg5 Qg6 10. Qd2 f6 11. Be3 c6 12. Nh4 Qh5 13. Nf5 g6 14. Ng3 Qh4 15. f4 g5 16. fxg5 fxg5 17. Bxg5 Qg4 18. Rf5 Ne7 19. Rf3 h6 20. Be3 h5 21. h3 Qg6 22. Raf1 h4 23. Nf5 Nxf5 24. Rxf5 0-0-0 25. dxc6 bxc6 26. Qe2 Nb8 27. Rf6 Qg7 28. Rf7 Qg3 29. Ra7 Rg8 30. Rff7 Rd7 31. Rfxd7 Nxd7 32. Qxa6+ Kd8 33. Qe2 Qxh3 34. Qf2 Qg4 35. Bb6+ Ke7 36. Kh2 Bh6 37. Rxd7+ Qxd7 38. Qxh4+ Kf7 39. Qxh6 Qg4 40. Qh7+ Rg7 41. Qf5+ Qxf5 42. exf5 Kf6 43. Ne4+ Kxf5 44. Nxd6+ Ke6 45. Ne4 Kd5 46. Nc3+ Ke6 47. a4 Rb7 48. a5 Kd7 49. Kg3 Kd6 50. Kf3 c5 51. Ne4+ Kd5 52. Nxc5 Rf7+ 53. Ke3 Rf8 54. b3 Kc6 55. c4 Kd6 56. g3 Rg8 57. Kf3 Rf8+ 58. Ke4 Rg8 59. Nb7+ Ke6 60. Nd8+ Kf6 61. Kf3 Kf5 62. Nf7 e4+ 63. Kg2 Rf8 64. Nd6+ Ke5 65. Nb5 Rb8 66. Bc7+ Kf5 67. Bxb8 e3 68. a6 e2 69. Kf2 Ke6 70. a7 Kf5 71. a8Q Kg4 72. Qf3+ Kg5 73. Nd6 e1Q+ 74. Kxe1 Kg6 75. Qf5+ Kh6 76. Nf7+ Kg7 77. Be5+ Kf8 78. Nd6+ Kg8 79. Qf7# 1-0

[Event "Lansing op"]
[Site "Lansing"]
[Date "2004.09.03"]
[Round "1"]
[White "Penmetsa, Aadith"]
[Black "Glessner, Wayne"]
[Result "1-0"]
[WhiteElo "616"]
[BlackElo "901"]
[PlyCount "31"]
[EventDate "2004.09.03"]
[EventType "swiss"]
[EventRounds "7"]
[EventCountry "USA"]
[SourceTitle "EXT 2007"]
[Source "ChessBase"]
[SourceDate "2006.11.23"]
[SourceVersion "1"]
[SourceVersionDate "2006.11.23"]
[SourceQuality "1"]

1. e4 e5 2. Nf3 Nc6 3. Bb5 Nb8 4. 0-0 c6 5. Bc4 d5 6. exd5 cxd5 7. Bb5+ Bd7 8. Bxd7+ Qxd7 9. Nxe5 Qe7 10. Re1 f6 11. Ng4 Nh6 12. Rxe7+ Kxe7 13. Qe2+ Kf7 14. Qb5 Nxg4 15. Qxb7+ Kg8 16. Qxd5# 1-0